"Madrid-Barcelona" (Record no. 184311)

MARC details
000 -LEADER
campo de control de longitud fija 01138nam a2200265 i 4500
001 - NÚMERO DE CONTROL
campo de control 184311
003 - IDENTIFICADOR DE NÚMERO DE CONTROL
campo de control ES-MaACL
005 - FECHA Y HORA DE LA ÚLTIMA TRANSACCIÓN
campo de control 20231119134936.0
008 - DATOS DE LONGITUD FIJA--INFORMACIÓN GENERAL
campo de control de longitud fija 150617s2013 sp |||| | spa d
020 ## - NÚMERO INTERNACIONAL ESTÁNDAR DEL LIBRO
Número Internacional Estándar del Libro 978-84-939018-7-5
080 ## - NÚMERO DE LA CLASIFICACIÓN DECIMAL UNIVERSAL
Número de la Clasificación Decimal Universal 617.7(082.2)
245 01 - MENCIÓN DEL TÍTULO
Título "Madrid-Barcelona"
Resto del título : un recorrido en tren por la oftalmología y otros cuentos /
Mención de responsabilidad, etc. autor, José Fernández-Vigo López ; coautores, Joaquín Barraquer Moner ... [et al.] ; [prólogo de Ana Rosa Quintana].
260 ## - PUBLICACIÓN, DISTRIBUCIÓN, ETC.
Lugar de publicación, distribución, etc. Madrid :
Nombre del editor, distribuidor, etc. Spanish Publishers Associates,
Fecha de publicación, distribución, etc. [2013]
300 ## - DESCRIPCIÓN FÍSICA
Extensión 256 p. ;
Dimensiones 21 cm.
500 ## - NOTA GENERAL
Nota general Índice.
505 8# - NOTA DE CONTENIDO CON FORMATO
Nota de contenido con formato Contiene: Glaucoma - Catarata - Lagrimal - Córnea - Retina - Mácula - Infecciones - Neurooftamología - Órbita - Defectos de refracción (miopía)
650 04 - PUNTO DE ACCESO ADICIONAL DE MATERIA--TÉRMINO DE MATERIA
Término de materia o nombre geográfico como elemento de entrada Oftalmología.
9 (RLIN) 15693
700 1# - ENTRADA AGREGADA--NOMBRE PERSONAL
Nombre de persona Fernández-Vigo López, José.
9 (RLIN) 157053
700 1# - ENTRADA AGREGADA--NOMBRE PERSONAL
Nombre de persona Barraquer, Joaquín.
9 (RLIN) 157054
700 1# - ENTRADA AGREGADA--NOMBRE PERSONAL
Nombre de persona Quintana, Ana Rosa.
9 (RLIN) 157055
740 3# - ENTRADA AGREGADA--TÍTULO RELACIONADO/ANALÍTICO NO CONTROLADO
Título relacionado o analítico no controlado Un recorrido en tren por la oftalmología y otros cuentos.
852 ## - LOCALIZACIÓN
Ubicación ES-MaACL
Número de control de estantería A-13551
itemnumber 191307
Sublocalización o colección R.150403
Ubicación en estantería Depósito 1
Signatura antigua Olim: N-6551
942 ## - ELEMENTOS DE ENTRADA SECUNDARIOS (KOHA)
Fuente del sistema de clasificación o colocación Clasificación decimal universal
Holdings
Estatus retirado Estado de pérdida Fuente del sistema de clasificación o colocación Estado de daño No para préstamo Biblioteca de origen Biblioteca actual Ubicación en estantería Fecha de adquisición Fuente de adquisición Total de préstamos Signatura topográfica completa Código de barras Visto por última vez Precio de reemplazo Tipo de ítem Koha
    Clasificación decimal universal     Biblioteca del Ateneo de Madrid Biblioteca del Ateneo de Madrid Depósito 1 17/06/2015 Donación   A-13551 1193900 23/02/2023 23/02/2023 Libro impreso